[Event "Moscow"]
[Site "Moscow"]
[Date "1986.??.??"]
[Round "?"]
[White "Inkiov, Ventzislav"]
[Black "Smagin, Sergey"]
[Result "1-0"]
[WhiteElo "2465"]
[BlackElo "2500"]

1.Nf3 d5 2.c4 c6 3.g3 Nf6 4.Bg2 Bf5 5.O-O e6 6.d3 dxc4 7.dxc4 Qxd1 8.Rxd1 Bc2
9.Rf1 Nbd7 10.Nc3 Be7 11.Bf4 Nh5 12.Be3 Nhf6 13.Rac1 Bg6 14.h3 Ne4 15.Bd4 f6
16.Rfd1 Nd6 17.c5 Nf5 18.g4 Nxd4 19.Nxd4 Bf7 20.b4 Rc8 21.b5 Nxc5 22.bxc6 b6
23.Ne4 a6 24.Nxc5 Bxc5 25.Nb3 Ba3 26.c7 Ke7 27.Nd4 Be8 28.Nc6+ Bxc6 29.Rxc6 Bc5
30.a4 a5 31.e3 Rhe8 32.Bf1 Ra8 33.Bc4 Kf7  1-0

[Event "Munich"]
[Site "Munich"]
[Date "1986.??.??"]
[Round "?"]
[White "Koepf, Ulrich"]
[Black "Conquest, Stuart"]
[Result "0-1"]
[WhiteElo "2210"]
[BlackElo "2430"]

1.Nf3 d5 2.c4 dxc4 3.Na3 g6 4.g3 Bg7 5.Nxc4 Nc6 6.Bg2 e5 7.d3 Nge7 8.Rb1 O-O
9.b4 b5 10.Ncxe5 Nxe5 11.Nxe5 Bxe5 12.Bxa8 c6 13.Bg5 Bc3+ 14.Bd2 Bf6 15.Qc1 Qd5
16.f3 Bh3 17.Bc3 Bg5 18.Bd2 Bxd2+ 19.Qxd2 Rxa8 20.Kf2 h5 21.Rhc1 Be6 22.a3 a5
23.bxa5 Qd8 24.e3 Rxa5 25.Rc3 Qd4 26.h3 c5 27.Rb2 Bc8 28.Qc1 Ba6 29.Rd2 c4  0-1

[Event "Plovdiv"]
[Site "Plovdiv"]
[Date "1986.??.??"]
[Round "?"]
[White "Georgiev, Kiril"]
[Black "Khalifman, Alexander"]
[Result "1/2-1/2"]
[WhiteElo "2545"]
[BlackElo "2490"]

1.Nf3 d5 2.c4 c6 3.d4 Nf6 4.cxd5 cxd5 5.Nc3 Nc6 6.Bf4 Bf5 7.e3 e6 8.Bb5 Nd7
9.Qa4 Rc8 10.O-O a6 11.Bxc6 Rxc6 12.Rfc1 Be7 13.Ne2 Qb6 14.Rxc6 bxc6 15.Rc1 Qxb2
16.Qxa6 O-O 17.Rxc6 g5 18.Bg3 g4 19.Ne1 Qd2 20.Kf1 Nb8 21.Bxb8 Bb4 22.Rc1 Rxb8
23.Qa4 Ba5 24.Qd1 Qxa2 25.Ra1 Qd2 26.Qxd2 Bxd2 27.Nf4 Rb1 28.Rxb1 Bxb1 29.Ke2 Ba5
30.Ned3 Bc7 31.Nh5 Bxd3+ 32.Kxd3 f5 33.Nf4 Kf7 34.Kc3 Bd6 35.g3 Bxf4 36.exf4 Ke7
37.Kb4 Kd6 38.Kb5 Kd7 39.Kb6 Kd6 40.Kb7 Kd7  1/2-1/2

[Event "POL-chT"]
[Site "Porabka"]
[Date "1986.??.??"]
[Round "?"]
[White "Ehrenfeucht, Wojciech"]
[Black "Hanasz, Waldemar"]
[Result "0-1"]
[WhiteElo "2320"]
[BlackElo "2260"]

1.Nf3 d5 2.c4 c6 3.e3 Nf6 4.Nc3 g6 5.d4 Bg7 6.Bd3 O-O 7.O-O dxc4 8.Bxc4 Bf5
9.Qe2 Ne4 10.Rd1 Qa5 11.Nxe4 Bxe4 12.Nd2 Bd5 13.e4 Bxc4 14.Nxc4 Qa6 15.Bg5 Re8
16.a4 Nd7 17.Qc2 Nf8 18.Ra3 Ne6 19.Be3 Rac8 20.b4 b6 21.Rad3 Rc7 22.Qb3 Rd8
23.a5 bxa5 24.Nxa5 Rcd7 25.Qc3 c5 26.bxc5 Nxd4 27.Bxd4 Bxd4 28.Rxd4 Rxd4
29.Rxd4 Rxd4 30.Qxd4 Qxa5 31.g3 Qc7 32.Qd5 e6 33.Qa8+ Kg7 34.c6 Qa5 35.Kg2 Qe5
36.f3 Qb2+ 37.Kh3 Qc3 38.f4 Qc4 39.e5 Qf1+ 40.Kh4 Qg2 41.Kg4 h5+ 42.Kg5 Qxh2
43.g4 Qg3  0-1

[Event "POL-chT"]
[Site "Porabka"]
[Date "1986.??.??"]
[Round "?"]
[White "Filipowicz, Andrzej"]
[Black "Luczak, Andrzej"]
[Result "1/2-1/2"]
[WhiteElo "2370"]
[BlackElo "2370"]

1.Nf3 d5 2.c4 e6 3.g3 Nf6 4.Bg2 Be7 5.O-O O-O 6.b3 c5 7.cxd5 Nxd5 8.Bb2 b6
9.d4 Bb7 10.Nbd2 cxd4 11.Nxd4 Nc6 12.Nxc6 Bxc6 13.Nf3 Rc8 14.Ne5 Ba8 15.Rc1 Rxc1
16.Qxc1 Qc8 17.Qxc8  1/2-1/2

[Event "Poznan"]
[Site "Poznan"]
[Date "1986.??.??"]
[Round "1"]
[White "Condie, Mark L"]
[Black "Blatny, Pavel"]
[Result "1/2-1/2"]
[WhiteElo "2425"]
[BlackElo "2415"]

1.Nf3 d5 2.c4 e6 3.d4 Nf6 4.Nc3 Bb4 5.Bg5 h6 6.Bxf6 Qxf6 7.g3 dxc4 8.Qa4+ Nc6
9.Ne5 Bd7 10.Nxd7 Qxd4 11.Rc1 Qxd7 12.Bg2 O-O 13.O-O Bxc3 14.Rxc3 Ne5 15.Qxd7 Nxd7
16.Rxc4 c6 17.Rb4 Rab8 18.Rd1 Nb6 19.a4 Rfd8 20.Rxd8+ Rxd8 21.Bf3 Rd1+ 22.Kg2 Ra1
23.Rd4 Rxa4 24.Rd8+ Kh7 25.Rb8 c5 26.Rxb7 Rb4 27.Rxa7 Kg6 28.Bc6 f5 29.Be8+ Kf6
30.f4 e5 31.Rf7+ Ke6 32.Rxg7 exf4 33.gxf4 Nd5 34.Rh7 Nxf4+ 35.Kf3 Ke5 36.Re7+ Kf6
37.Rf7+ Ke5 38.Re7+ Kd6 39.Rd7+ Ke5 40.Re7+  1/2-1/2

[Event "CSR-ch"]
[Site "Prague"]
[Date "1986.??.??"]
[Round "11"]
[White "Vokac, Marek"]
[Black "Prandstetter, Eduard"]
[Result "1-0"]
[WhiteElo "2390"]
[BlackElo "2450"]

1.Nf3 d5 2.c4 e6 3.b3 Nf6 4.Bb2 Be7 5.g3 O-O 6.Bg2 Nbd7 7.O-O c6 8.Nc3 b6
9.Qc2 Bb7 10.d4 c5 11.cxd5 Nxd5 12.Nxd5 Bxd5 13.e4 Bb7 14.Rfd1 Rc8 15.d5 exd5
16.exd5 Bf6 17.Bh3 Bxb2 18.Qxb2 Re8 19.Nh4 g6 20.Ng2 Rb8 21.Ne3 Ne5 22.Bg2 f5
23.Nc4 Nxc4 24.bxc4 Qd6 25.Re1 Kf7 26.f4 Qf6 27.Re5 Ba6 28.Qc3 b5 29.Rae1 b4
30.Qe3 Qd8 31.Qxc5 Qb6 32.Re7+ Rxe7 33.Rxe7+ Kf8 34.Qxb6 axb6 35.Rxh7 Re8
36.Bf1 Re1 37.Rc7 Ra1 38.d6 Rxa2 39.Ra7 b3 40.Ra8+ Kf7 41.d7 Rd2 42.d8=Q Rxd8
43.Rxd8  1-0

[Event "Reykjavik op"]
[Site "Reykjavik"]
[Date "1986.??.??"]
[Round "2"]
[White "Johannesson, Larus"]
[Black "Kogan, Boris M"]
[Result "0-1"]
[WhiteElo "2250"]
[BlackElo "2495"]

1.Nf3 d5 2.c4 d4 3.g3 Nc6 4.d3 e5 5.Bg2 Nf6 6.O-O Nd7 7.e3 Be7 8.exd4 exd4
9.Re1 O-O 10.Bf4 Nc5 11.Ne5 Nxe5 12.Rxe5 c6 13.Qf3 Bd6 14.Rh5 g6 15.Bxd6 Qxd6
16.Rh4 g5 17.Rh5 Qg6 18.Qe2 Bf5 19.g4 Bxd3 20.Qe5  0-1

[Event "Rome-B"]
[Site "Rome"]
[Date "1986.??.??"]
[Round "?"]
[White "Krnic, Zdenko"]
[Black "Teschner, Rudolf"]
[Result "1/2-1/2"]
[WhiteElo "2390"]
[BlackElo "2330"]

1.Nf3 d5 2.c4 c6 3.b3 Nf6 4.Bb2 Bf5 5.g3 e6 6.Bg2 h6 7.O-O Bc5 8.d3 O-O 9.Nbd2 a5
10.a3 Bh7 11.Qc1 Nbd7 12.Bc3 Qe7 13.Qb2 Bd6 14.Ne5 Nxe5 15.Bxe5 Bxe5 16.Qxe5 Rfd8
17.cxd5 cxd5 18.Rfc1 Rac8 19.Qb2 Qd6 20.Rxc8 Rxc8 21.Rc1 Rxc1+ 22.Qxc1 Qc6
23.Qxc6 bxc6 24.b4 axb4 25.axb4 Kf8 26.Nb3 Ke7 27.f4 Kd6 28.Bh3 Nd7 29.Kf2 c5  1/2-1/2

[Event "Sao Paulo"]
[Site "Sao Paulo"]
[Date "1986.??.??"]
[Round "?"]
[White "Milos, Gilberto"]
[Black "Morovic Fernandez, Ivan"]
[Result "0-1"]
[WhiteElo "2430"]
[BlackElo "2495"]

1.Nf3 d5 2.c4 e6 3.b3 Nf6 4.g3 Be7 5.Bg2 O-O 6.O-O a5 7.Bb2 a4 8.bxa4 Nbd7
9.cxd5 exd5 10.Nc3 c6 11.Qc2 Nc5 12.Nd4 Re8 13.d3 Bf8 14.Rfe1 Qb6 15.e4 Nxd3
16.Qxd3 Qxb2 17.Rab1 Qa3 18.Nc2 dxe4 19.Bxe4 Qd6 20.Qxd6 Bxd6 21.Bd3 Rxe1+
22.Rxe1 Kf8 23.Bc4 Ra5 24.Bb3 Rc5 25.Nd1 Nd5 26.Kg2 Bf5 27.Nd4 Bg6 28.f4 Rc1
29.Nf3 Bb4 30.Re2 Bd3 31.Rb2 Bc5 32.Ne5 Be4+ 33.Kh3 Bd4 34.Rd2 Bxe5 35.fxe5 Ke7
36.Nf2 Bf5+ 37.Kg2 Ne3+ 38.Kf3 Nc4 39.Re2 Be6 40.g4 Bd5+ 41.Kf4 Nb6 42.Ne4 Bxb3
43.axb3 Nd5+ 44.Kf3 Rb1 45.Nd2 Rb2 46.Rf2 Nc3 47.h4 Ke6 48.Kf4 h6 49.g5 h5
50.g6 fxg6 51.Ne4 Nd5+ 52.Kg5 Rxf2 53.Nxf2 Kxe5 54.Kxg6 Kf4 55.Kxg7 Kg3 56.Ne4+ Kxh4
57.Kf7 Kg4 58.Ke8  0-1

[Event "Sochi"]
[Site "Sochi"]
[Date "1986.??.??"]
[Round "9"]
[White "Garcia Gonzales, Guillermo"]
[Black "Chernin, Alexander"]
[Result "1/2-1/2"]
[WhiteElo "2500"]
[BlackElo "2565"]

1.Nf3 d5 2.c4 c6 3.Qc2 Nf6 4.g3 Bg4 5.Bg2 e6 6.d3 Nbd7 7.Nbd2 Bd6 8.O-O O-O
9.b3 h6 10.Bb2 e5 11.h3 Bf5 12.e4 Bh7 13.Rad1 Re8 14.Rfe1 Rc8 15.Nh4 Bf8
16.Nf1 b5 17.Nf5 bxc4 18.bxc4 d4 19.Bc1 Nc5 20.Nh2 Qa5 21.Ng4 Nxg4 22.hxg4 Rb8
23.f4 Ne6 24.Rf1 Rb7 25.Qe2 f6 26.Rf2 Reb8 27.Rdf1 Ba3 28.Bd2 Bb4 29.Bxb4 Qxb4
30.g5 fxg5 31.Qg4 Nc5 32.fxg5 Nxd3 33.g6 Nxf2 34.Rxf2 d3 35.Bf1 Kh8 36.gxh7 Qxc4
37.Kg2 Rf7 38.Rd2 Rd8 39.Qh4 g5 40.Qg4 h5 41.Qxg5 Qxe4+ 42.Kg1 Qd5 43.Rxd3 Qc5+
44.Kh2 Rdf8 45.Nh4 Rxf1 46.Ng6+ Kxh7 47.Nxf8+ Qxf8 48.Qxh5+ Kg8 49.Qg4+ Qg7
50.Qc4+ Kh8 51.Qh4+ Kg8 52.Rd6 Rf7 53.Kg2 Rd7 54.Qc4+ Kh8 55.Qh4+  1/2-1/2

[Event "Solingen"]
[Site "Solingen"]
[Date "1986.??.??"]
[Round "?"]
[White "Sunye Neto, Jaime"]
[Black "Short, Nigel D"]
[Result "0-1"]
[WhiteElo "2515"]
[BlackElo "2615"]

1.Nf3 d5 2.c4 d4 3.g3 c5 4.Bg2 Nc6 5.O-O e5 6.d3 Bd6 7.e3 Nge7 8.exd4 cxd4
9.b3 O-O 10.Ba3 Bg4 11.Bxd6 Qxd6 12.a3 a5 13.Nbd2 f5 14.Re1 Ng6 15.Qc2 Kh8
16.c5 Qf6 17.Rab1 Rad8 18.b4 axb4 19.axb4 e4 20.dxe4 f4 21.Rf1 Bxf3 22.Bxf3 Nge5
23.Qd1 d3 24.Kg2 Nd4 25.g4 Ra8 26.Ra1 Qg6 27.h3  0-1

[Event "BCF-ch"]
[Site "Southampton"]
[Date "1986.??.??"]
[Round "6"]
[White "Roe, Simon J"]
[Black "Botterill, George Steven"]
[Result "0-1"]
[WhiteElo "2230"]
[BlackElo "2395"]

1.Nf3 d5 2.c4 dxc4 3.e3 Nf6 4.Bxc4 e6 5.O-O a6 6.d4 c5 7.Qe2 b5 8.Bb3 Bb7
9.Rd1 Nbd7 10.Nc3 Qb8 11.e4 cxd4 12.Nxd4 Bd6 13.h3 O-O 14.a3 Re8 15.Bc2 Bh2+
16.Kh1 Bf4 17.Be3 Bxe3 18.Qxe3 Ne5 19.b4 Rc8 20.f3 Nc4 21.Qe1 Qe5 22.Nce2 Ne3
23.Bd3 Nxd1 24.Rxd1 Rd8 25.Nb3 h6 26.Na5 Rab8 27.f4 Qh5 28.Nxb7 Rxb7 29.e5 Rbd7
30.Bc2 Rxd1 31.Bxd1 Ne4 32.Nc3 Rxd1  0-1

[Event "BCF-ch"]
[Site "Southampton"]
[Date "1986.??.??"]
[Round "8"]
[White "Roe, Simon J"]
[Black "Rahman, Ziaur"]
[Result "1-0"]
[WhiteElo "2230"]
[BlackElo "2305"]

1.Nf3 d5 2.c4 c6 3.d4 Nf6 4.Qc2 g6 5.Bf4 Bf5 6.Qb3 Qb6 7.c5 Qxb3 8.axb3 Nbd7
9.h3 Bg7 10.e3 Bxb1 11.Rxb1 Ne4 12.Ra1 O-O 13.b4 e5 14.dxe5 Rfe8 15.Bd3 Nxe5
16.Bxe4 dxe4 17.Nxe5 Bxe5 18.Bxe5 Rxe5 19.Ke2 Kf8 20.Rhd1 Rd5 21.Rxd5 cxd5
22.Kd2 Ke7 23.Kc3 Ke6 24.Kd4 f5 25.b5 g5 26.b4 h5 27.b6 a6 28.b5 a5 29.c6 bxc6
30.bxc6 Kd6 31.Rc1 Ra6 32.c7  1-0

[Event "BCF-ch"]
[Site "Southampton"]
[Date "1986.??.??"]
[Round "10"]
[White "Roe, Simon J"]
[Black "Motwani, Paul"]
[Result "1/2-1/2"]
[WhiteElo "2230"]
[BlackElo "2355"]

1.Nf3 d5 2.c4 dxc4 3.Na3 e5 4.Nxe5 Bxa3 5.Qa4+ Nd7 6.Nxd7 Bxd7 7.Qxa3 Ne7
8.e4 Bc6 9.Bxc4 Bxe4 10.O-O O-O 11.d3 Bd5 12.Bg5 f6 13.Bf4 Rf7 14.Rfe1 Ng6
15.Bg3 f5 16.Be5 f4 17.Qb3 Bxc4 18.dxc4 Qg5 19.Qxb7 Rd8 20.Bc3 f3 21.g3 Nf4
22.Rad1 Ne2+ 23.Kh1 Rdf8 24.Qe4 Qh6 25.h4 Qb6 26.Bd4 c5 27.Be3 Qxb2 28.Rd2 Qb8
29.Kh2 Re8 30.Qd3 Qc7 31.Qd6 Qxd6 32.Rxd6 h6 33.Rc6 Nd4 34.Rxc5 Nc2 35.Rf1 Nxe3
36.fxe3 Rxe3 37.Rf2 Rc3  1/2-1/2

[Event "Tbilisi tt"]
[Site "Tbilisi"]
[Date "1986.??.??"]
[Round "?"]
[White "Inkiov, Ventzislav"]
[Black "Adamski, Jan"]
[Result "1/2-1/2"]
[WhiteElo "2465"]
[BlackElo "2380"]

1.Nf3 d5 2.c4 dxc4 3.Qa4+ Bd7 4.Qxc4 e6 5.g3 c5 6.Bg2 Nc6 7.O-O Nf6 8.d4 b5
9.Qd3 Rc8 10.Nc3 cxd4 11.Nxd4 Nxd4 12.Qxd4 Bc5 13.Qd3 b4 14.Ne4 Nxe4 15.Bxe4 Qb6
16.Bf4 Bb5 17.Qf3 O-O 18.Rad1 Bd4 19.Rd2 e5 20.Bg5 f6 21.Qh5 g6 22.Bxg6 hxg6
23.Qxg6+ Kh8 24.Qh5+ Kg8 25.Bh6 Qb7 26.Bxf8 Rxf8 27.Rfd1 Qh7 28.Qg4+ Qg7
29.Rxd4 exd4 30.Qe6+ Qf7 31.Qg4+ Qg7 32.Qe6+ Qf7 33.Qg4+  1/2-1/2

[Event "Tbilisi"]
[Site "Tbilisi"]
[Date "1986.??.??"]
[Round "?"]
[White "Tal, Mihail"]
[Black "Kaidanov, Grigory S"]
[Result "1/2-1/2"]
[WhiteElo "2600"]
[BlackElo "2415"]

1.Nf3 d5 2.c4 e6 3.e3 Nf6 4.b3 c5 5.Bb2 Nc6 6.cxd5 exd5 7.Be2 Bd6 8.O-O O-O
9.d4 cxd4 10.Nxd4 Re8 11.Nd2 Bb8 12.N2f3 a6 13.Nxc6 bxc6 14.Qc2 Qd6 15.Rac1 Bd7
16.Qc3 Ba7 17.Rfd1 c5 18.Qd3  1/2-1/2

[Event "Tbilisi tt"]
[Site "Tbilisi"]
[Date "1986.??.??"]
[Round "?"]
[White "Efimov, Igor"]
[Black "Ubilava, Elizbar"]
[Result "0-1"]
[WhiteElo "2435"]
[BlackElo "2515"]

1.Nf3 d5 2.c4 c6 3.g3 Nf6 4.Bg2 g6 5.Qa4 Nbd7 6.cxd5 cxd5 7.Nc3 Bg7 8.d3 a6
9.Bg5 O-O 10.Rc1 h6 11.Bf4 g5 12.Bd2 e5 13.h4 g4 14.Nh2 Nb6 15.Qa5 Be6 16.O-O Qd6
17.Na4 Nxa4 18.Bb4 Qb6 19.Qxa4 Rfc8 20.Qa3 Rc6 21.Rxc6 Qxc6 22.Bd6 Ne8 23.Be7 e4
24.dxe4 dxe4 25.Qe3 f5 26.b3 Rc8 27.Rd1 Qc2 28.Rd2 Qc7 29.Ba3 Nf6 30.Rd6 Kf7
31.Rd1 Nd5 32.Qd2 Nc3 33.Rc1 Qd8 34.Qe1 Nxa2 35.Rd1 Qb6 36.Qd2 Nc3 37.Re1 Rd8
38.Qc1 Qxb3 39.f3 Nxe2+  0-1

[Event "Tirnavia-B"]
[Site "Trnava"]
[Date "1986.??.??"]
[Round "2"]
[White "Moehring, Guenther"]
[Black "Cervenka, Imrich"]
[Result "0-1"]
[WhiteElo "2375"]
[BlackElo "2250"]

1.Nf3 d5 2.c4 d4 3.e3 c5 4.exd4 cxd4 5.g3 Nc6 6.d3 g6 7.Bg2 Bg7 8.O-O Nf6
9.b4 Nxb4 10.Qa4+ Nc6 11.Ne5 Bd7 12.Nxc6 bxc6 13.Bxc6 O-O 14.Nd2 Qc8 15.Bxd7 Nxd7
16.Qd1 Qc6 17.Qf3 Qxf3 18.Nxf3 Nc5 19.Rd1 Na4 20.Ba3 Rfe8 21.Rdb1 e5 22.Rb7 Nc3
23.Nd2 Reb8 24.Rb3 Bf8 25.Bxf8 Kxf8 26.Kg2 a5 27.a4 Ke7 28.f4 f6 29.Raa3 Rb4
30.Ra1 Rab8 31.Rxb4 Rxb4 32.Nf3 Kd6 33.fxe5+ fxe5 34.Re1 Rb2+ 35.Kf1 Rb1
36.Rxb1 Nxb1 37.Ng5 Nc3 38.Nxh7 Nxa4 39.Ke2 Nc5 40.h4 a4 41.Kd2 a3 42.Kc1 Nxd3+
43.Kb1 Nf2 44.Ng5 d3  0-1

[Event "Tirnavia-B"]
[Site "Trnava"]
[Date "1986.??.??"]
[Round "7"]
[White "Jurek, Josef"]
[Black "Cervenka, Imrich"]
[Result "1/2-1/2"]
[WhiteElo "2355"]
[BlackElo "2250"]

1.Nf3 d5 2.c4 c6 3.g3 Nf6 4.Bg2 Bf5 5.cxd5 cxd5 6.Qb3 Qb6 7.Qxb6 axb6 8.Nc3 Bd7
9.d3 e6 10.O-O b5 11.e4 b4 12.Ne2 Bb5 13.Re1 Nc6 14.Bg5 dxe4 15.dxe4 Bc5
16.Bxf6 gxf6  1/2-1/2

[Event "Vienna op"]
[Site "Vienna"]
[Date "1986.??.??"]
[Round "?"]
[White "Borik, Otto"]
[Black "Hoelzl, Franz"]
[Result "0-1"]
[WhiteElo "2365"]
[BlackElo "2370"]

1.Nf3 d5 2.c4 e6 3.b3 Nf6 4.g3 d4 5.Bg2 c5 6.O-O Nc6 7.e3 e5 8.exd4 exd4
9.d3 Be7 10.Na3 O-O 11.Nc2 Bf5 12.a3 a5 13.Rb1 Qd7 14.Re1 Rfe8 15.Bf4 Bd6
16.Bg5 Ng4 17.Rxe8+ Rxe8 18.Nfe1 h6 19.Bd2 Nge5 20.Bf4 Rb8 21.b4 axb4 22.axb4 Bg4
23.f3 Bf5 24.bxc5 Bxc5 25.Rb5 Qe7 26.h3 g5 27.Bc1 Na7 28.Rxc5 Qxc5 29.f4 gxf4
30.Bxf4 b5 31.Bd5 Re8 32.Qh5 bxc4 33.Qxf5 Qxd5 34.Bxh6 Qe6 35.Qg5+ Qg6 36.Qxg6+ fxg6
37.dxc4 Nac6 38.c5 d3 39.Na3 Rb8 40.Bc1 Rb3 41.Kf2 Rc3 42.Bb2 d2  0-1

[Event "Wuppertal"]
[Site "Wuppertal"]
[Date "1986.??.??"]
[Round "?"]
[White "Budde, Vladimir"]
[Black "Sehner, Norbert"]
[Result "1/2-1/2"]
[WhiteElo "2345"]
[BlackElo "2390"]

1.Nf3 d5 2.c4 e6 3.g3 c6 4.b3 Nf6 5.Bg2 Be7 6.O-O O-O 7.Bb2 b5 8.Qc2 Bb7
9.d3 a5 10.Nbd2 Na6 11.Rac1 Qb6 12.d4 Nd7 13.e4 bxc4 14.bxc4 Rab8 15.Bc3 c5
16.exd5 exd5 17.Qf5 Nf6 18.Rb1 Qd8 19.dxc5 Nxc5 20.Be5 Bc8 21.Rxb8 Bxf5 22.Rxd8 Rxd8
23.Bc7 Rc8 24.Bxa5 dxc4 25.Nxc4 Nb7 26.Nd4 Be4 27.Nb6 Rd8 28.Nb3 Nxa5 29.Nxa5 Bxg2
30.Kxg2 Rd2 31.a4 Ne4 32.Nac4 Ra2 33.a5 Bc5 34.Kf3 Nxf2 35.Rc1 f5 36.Nd7 Nd3
37.Rf1 Bd4 38.g4 g6 39.gxf5 gxf5 40.a6 Kf7 41.a7 Rxa7 42.Rd1 Rxd7 43.Rxd3 Ke6
44.Nd2  1/2-1/2

[Event "Aarhus-C"]
[Site "Aarhus"]
[Date "1987.??.??"]
[Round "5"]
[White "Sorensen, Torben"]
[Black "Kroll, Ove"]
[Result "1/2-1/2"]
[WhiteElo "2290"]
[BlackElo "2305"]

1.Nf3 d5 2.c4 c6 3.cxd5 cxd5 4.d4 Nf6 5.Nc3 Nc6 6.Bf4 e6 7.e3 Bd6 8.Bxd6 Qxd6
9.Bd3 O-O 10.O-O e5 11.dxe5 Nxe5 12.Be2 Be6 13.Nb5 Nxf3+ 14.Bxf3 Qb6 15.Qe2 Rac8
16.Rac1 Rc5 17.Nd4 Re8 18.Rxc5 Qxc5 19.Rd1 b6 20.h3 Qc4 21.a3 Rc8 22.Rd2 Qc1+
23.Rd1 Qc4 24.Rd2 Qc1+ 25.Qd1 Kf8 26.Qxc1 Rxc1+ 27.Rd1 Rxd1+ 28.Bxd1 Ne4
29.Bc2 Nd6 30.b3 Bd7 31.Bd3 Ke7 32.Kf1 Kf6 33.Ke2 Bf5 34.Bxf5 Nxf5 35.Nxf5 Kxf5
36.Kd3 Ke5 37.f4+ Kd6 38.g4 Kc5 39.g5 f6 40.e4 fxg5 41.fxg5 Kd6  1/2-1/2

[Event "EU-ch U18"]
[Site "Arnhem"]
[Date "1987.??.??"]
[Round "9"]
[White "McMahon, Daire"]
[Black "Wians, Camille"]
[Result "0-1"]
[WhiteElo "2290"]
[BlackElo "2245"]

1.Nf3 d5 2.c4 c6 3.b3 Nf6 4.g3 Bf5 5.Bg2 e6 6.O-O Be7 7.Bb2 Nbd7 8.d3 O-O
9.Nbd2 a5 10.h3 h6 11.Re1 Bh7 12.a3 Qb8 13.Rc1 Rd8 14.Qc2 Bc5 15.cxd5 cxd5
16.Qb1 Qa7 17.e3 Bb6 18.Bf1 Rac8 19.Qa1 Qa6 20.Ne5 Nxe5 21.Bxe5 Ne8 22.Qb1 f6
23.Ba1 Nd6 24.d4 Bxb1 25.Bxa6 Bc2 26.Bf1 Rc6 27.Bb2 Rdc8 28.Be2 Ba7 29.Bd1 b5
30.Bg4 Kf7 31.Be2 b4 32.a4 Ne4 33.Nxe4 dxe4 34.Bd1 Bb8 35.Kg2 f5 36.Rxc2 Rxc2
37.Bxc2 Rxc2 38.Ba1 g5 39.h4 gxh4 40.gxh4 Kg6 41.Rd1 Bd6 42.Rf1 Kh5 43.Kh3 Bc7
44.Kg2 Kxh4 45.d5 e5 46.d6 Bxd6 47.Rd1 Bc5 48.Bxe5 Bxe3  0-1

[Event "AUT-ch"]
[Site "Austria"]
[Date "1987.??.??"]
[Round "6"]
[White "Hoelzl, Franz"]
[Black "Dueckstein, Andreas"]
[Result "1/2-1/2"]
[WhiteElo "2390"]
[BlackElo "2370"]

1.Nf3 d5 2.c4 e6 3.g3 Nf6 4.Bg2 Be7 5.O-O O-O 6.d4 Nbd7 7.Qc2 c6 8.Nbd2 b6
9.e4 Nxe4 10.Nxe4 dxe4 11.Qxe4 Bb7 12.Rd1 Re8 13.b3 Qc8 14.Bb2 c5 15.Qe2 Bf6
16.Rd2 cxd4 17.Bxd4 Qc7 18.Bxf6 Nxf6 19.Qe5 Rac8 20.Rad1 Bxf3 21.Qxc7 Rxc7
22.Bxf3 Kf8 23.Rd6 Ke7 24.Rc6 Rec8 25.Rxc7+ Rxc7 26.Kf1 Rc5 27.Rd2 Rf5 28.Bc6 Rh5
29.f3 Rc5 30.Bb5 g5 31.Ke2 Re5+ 32.Kd1 Rf5 33.Rd3 a5 34.a3 Rc5 35.b4 axb4
36.axb4 Rc7 37.Ra3 Nd7 38.Ke2 Ne5 39.f4 gxf4 40.gxf4 Nc6 41.Bxc6 Rxc6 42.Kd3 Rc7
43.Ra8 Kf6 44.Rb8 Rc6 45.Rb7 e5 46.fxe5+ Kxe5 47.Rxf7 Rh6 48.Re7+ Kd6 49.Re2 Rh3+
50.Kd4 Rh4+ 51.Kc3 Rh3+ 52.Kb2 Kc6 53.Rf2 Kd6 54.Kc1  1/2-1/2

[Event "Baden-Baden op"]
[Site "Baden-Baden"]
[Date "1987.??.??"]
[Round "6"]
[White "Busch, Klaus"]
[Black "Fahnenschmidt, Gerhard"]
[Result "0-1"]
[WhiteElo "2345"]
[BlackElo "2335"]

1.Nf3 d5 2.c4 e6 3.g3 Nf6 4.Bg2 Be7 5.b3 c5 6.O-O O-O 7.cxd5 exd5 8.d4 b6
9.Bb2 Bb7 10.Nc3 Nbd7 11.e3 Re8 12.Ne5 Bf8 13.f4 Rc8 14.Rc1 cxd4 15.exd4 Bb4
16.Qd3 Nf8 17.a3 Bxc3 18.Bxc3 Ne4 19.Bb4 f6 20.Ng4 Qd7 21.Bh3 Ne6 22.Kg2 a5
23.Bd2 Ra8 24.Rfd1 Ba6 25.Qe3 Qd6 26.Nf2 N6g5 27.Bg4 Nxf2 28.Qxf2 Ne4 29.Qe3 f5
30.Bf3 Ng5 31.fxg5 Rxe3 32.Bxe3 Rc8 33.Bf4 Qxa3 34.Bxd5+ Kf8 35.Rxc8+ Bxc8
36.Rc1 Bd7 37.Rc7 Ke8 38.Rc2 a4 39.Bc7 axb3 40.Re2+ Kf8 41.Re3 Qb4 42.Rxb3 Qd2+
43.Kf3 Qd1+ 44.Ke3 Qc1+ 45.Kd3 Qxc7 46.Ra3 Bc6 47.Rc3 Bb5+ 48.Kc2 Qd7 49.Bb3 Qxd4
50.Rc8+ Ke7 51.Rh8 Bd3+ 52.Kd2 Bc4+  0-1

[Event "Wch U20"]
[Site "Baguio"]
[Date "1987.??.??"]
[Round "?"]
[White "Burgess, Mark R"]
[Black "Weerakoon, Ishan"]
[Result "1/2-1/2"]
[WhiteElo "2265"]
[BlackElo "2215"]

1.Nf3 d5 2.c4 c6 3.b3 Bf5 4.g3 Nf6 5.Bg2 e6 6.Bb2 Nbd7 7.O-O Be7 8.d3 h6
9.Nbd2 O-O 10.a3 a5 11.Rc1 Qb6 12.Rc2 Rfd8 13.Qa1 Bf8 14.Nd4 Bg6 15.cxd5 cxd5
16.a4 Rac8 17.Rcc1 Rxc1 18.Qxc1 Bc5 19.Nb5 Ng4 20.d4 Bf8 21.Nf3 Ngf6 22.Ba3 Ne4
23.Bxf8 Rxf8 24.Qa3 Rc8 25.Qe7 Qd8 26.Qxd8+ Rxd8 27.Rc1 Kf8 28.Rc7 b6 29.e3 Ke8
30.Kf1 Rb8 31.Ke1 Kd8 32.Rc6 Rc8 33.Rxc8+ Kxc8 34.Nh4 Bh7 35.Bf1 Kd8 36.f3 Nef6
37.Kd2 Ne8 38.Ng2 Nc7 39.Nd6 Ke7 40.Nc8+ Kd8 41.Na7 Nb8 42.Nf4 Kd7 43.Nh5 Nba6
44.Nxg7 Nb4 45.Nh5 Bc2 46.Kc3 Bd1 47.Bg2 Na2+ 48.Kb2 Nb4 49.Nf6+ Kd8 50.Ng4 Nd3+
51.Kc3 Ne1 52.Bh1 Bxf3 53.Bxf3 Nxf3 54.h4 Ne8 55.Nxh6 Nd6 56.Nb5 Ne4+ 57.Kd3 Nxg3
58.Nxf7+ Ke7 59.Ne5 Nxh4 60.Nc7 Kd6 61.Na8 Nhf5 62.Nxb6 Nf1 63.b4 axb4 64.a5 Kc7
65.Ned7 N1xe3 66.Nc5 Kc6 67.Nxe6 Kb5 68.Nc7+ Kxa5 69.Nbxd5  1/2-1/2

[Event "Wch U20"]
[Site "Baguio"]
[Date "1987.??.??"]
[Round "?"]
[White "Burgess, Mark R"]
[Black "Anand, Viswanathan"]
[Result "1/2-1/2"]
[WhiteElo "2265"]
[BlackElo "2505"]

1.Nf3 d5 2.c4 dxc4 3.Na3 g6 4.Nxc4 Bg7 5.g3 Nf6 6.Bg2 O-O 7.b3 b6 8.Bb2 Bb7
9.O-O c5 10.d4 Nbd7 11.e3 b5 12.Nce5 Nxe5 13.Nxe5 Bxg2 14.Kxg2 cxd4 15.Bxd4 Qd5+
16.Qf3 Ne4 17.Nd7 Qxd7 18.Qxe4 f5 19.Qf3 Bxd4 20.Rfd1 e5 21.exd4 exd4 22.Rd3 Rae8
23.Rad1 Re4 24.R1d2 Qd5  1/2-1/2

[Event "Banja Vrucica"]
[Site "Banja Vrucica"]
[Date "1987.??.??"]
[Round "3"]
[White "Ilijin, Neboisa"]
[Black "Milovanovic, Rade"]
[Result "0-1"]
[WhiteElo "2270"]
[BlackElo "2430"]

1.Nf3 d5 2.c4 d4 3.e3 Nc6 4.d3 e5 5.a3 dxe3 6.Bxe3 Nf6 7.Be2 Be7 8.h3 O-O
9.O-O Bf5 10.Nc3 Re8 11.d4 e4 12.Nh2 Qd7 13.Qd2 Rad8 14.Rad1 Qc8 15.b4 a5
16.b5 Ne5 17.Qc2 Nf3+ 18.gxf3 exf3 19.Bd3 Bxd3 20.Rxd3 Qxh3 21.Nxf3 Qg4+
22.Kh2 Qxf3 23.Rh1 Qg4 24.c5 Bxc5 25.dxc5 Qh5+  0-1

[Event "Bath zt"]
[Site "Bath"]
[Date "1987.??.??"]
[Round "?"]
[White "Condie, Mark L"]
[Black "Delaney, John"]
[Result "1-0"]
[WhiteElo "2415"]
[BlackElo "2280"]

1.Nf3 d5 2.c4 c6 3.d4 Nf6 4.e3 g6 5.Nc3 Bg7 6.Bd3 O-O 7.h3 Na6 8.O-O Nb4
9.Be2 dxc4 10.Bxc4 Bf5 11.a3 Nbd5 12.Bd2 Rc8 13.b4 Nxc3 14.Bxc3 Ne4 15.Be1 Qd6
16.Bd3 Qd5 17.Rc1 h5 18.Nh4 Be6 19.f4 Rcd8 20.Qc2 Nd6 21.f5 Bxf5 22.Bxf5 gxf5
23.Nxf5 Nxf5 24.Rxf5 Qe6 25.Bd2 Qg6 26.e4 Rxd4 27.Rcf1 Rfd8 28.Bc1 Rd3 29.Qe2 f6
30.Rxh5 Rg3 31.Rh4 Kf7 32.e5 f5 33.Rg4 Rxg4 34.hxg4 e6 35.Qe4 Kg8 36.gxf5 exf5
37.Qf4 Rd5 38.Bb2 Bh6  1-0

[Event "AdW-Turnier"]
[Site "Berlin-Ost"]
[Date "1987.??.??"]
[Round "?"]
[White "Moehring, Guenther"]
[Black "Marszalek, Rafal"]
[Result "1-0"]
[WhiteElo "2360"]
[BlackElo "2310"]

1.Nf3 d5 2.c4 c6 3.d4 Nf6 4.e3 Bf5 5.cxd5 cxd5 6.Nc3 Nc6 7.Qb3 Bc8 8.Ne5 e6
9.Bb5 Bd7 10.Nxd7 Qxd7 11.Bd2 Be7 12.Rc1 O-O 13.O-O Rfc8 14.Qd1 Qd8 15.Qe2 a6
16.Bd3 b5 17.a4 b4 18.Na2 Qb6 19.b3 Na5 20.Rxc8+ Rxc8 21.Rc1 Rxc1+ 22.Nxc1 Ne4
23.Be1 Qc6 24.Qc2 Qxc2 25.Bxc2 Nc6 26.Kf1 Bd6 27.Ne2 f5 28.f3 Nf6 29.h3 Kf7
30.g4 fxg4 31.hxg4 g5 32.Kg2 a5 33.Kh3 h6 34.Bd3 e5 35.Bb5 Na7 36.dxe5 Bxe5
37.Bd3 Nc6 38.Ng3 Bc3 39.Bf2 Ne5 40.Be2 Nc6 41.Nf5 h5 42.gxh5 Nxh5 43.Bb5 Ne5
44.Nd6+ Ke6 45.Nb7 Nf6 46.Kg2 g4 47.f4 Ned7 48.Bh4 Nb8 49.Nxa5 Ne4 50.Nb7 Bd2
51.Bg3 Kf5 52.Bd3 Bxe3 53.Nd6+ Kf6 54.Nxe4+ dxe4 55.Bxe4 Na6 56.Bc2 Bd2 57.Bh4+ Kf7
58.Kg3 Nb8 59.Kxg4 Nc6 60.Bf2 Bc3 61.Be4  1-0

[Event "Brussels blitz"]
[Site "Brussels"]
[Date "1987.??.??"]
[Round "?"]
[White "Larsen, Bent"]
[Black "Torre, Eugenio"]
[Result "0-1"]
[WhiteElo "2565"]
[BlackElo "2540"]

1.Nf3 d5 2.c4 c6 3.e3 Nf6 4.Nc3 Bg4 5.Qb3 Qb6 6.Qxb6 axb6 7.cxd5 Bxf3 8.gxf3 Nxd5
9.Nxd5 cxd5 10.b3 Nc6 11.Bb2 f6 12.f4 e6 13.Rg1 Kf7 14.a4 Na5 15.Rc1 Bd6
16.b4 Nc6 17.b5 Na5 18.Rc3 Rhc8 19.Bd3 g6 20.h4 Nc4 21.Bxc4 dxc4 22.Ke2 Rxa4
23.h5 gxh5 24.Rh1 Ra2 25.Bc1 Bb4  0-1